[Event "www.ChessWorld.net server game"]
[Site "www.ChessWorld.net "]
[Date "2007.7.27"]
[Round "NA"]
[White "aljanter"]
[Black "joselito"]
[Result "0-1"]
[Termination "White resigned"]
[WhiteElo "1314"]
[BlackElo "1396"]
[Mode "ICS"]
[DateLastMove "2007.8.11"]
[Board "3947955"]

1.e4 e5 2.Qh5 Qe7 3.Qf3 Nf6 4.Nc3 c6 5.d3 d5 6.Bg5 Qe6 7.O-O-O Bd6 8.exd5 cxd5 9.d4 O-O 10.Bxf6 Qxf6 11.Nxd5 Qd8 12.Bd3 exd4 13.Qe4 g6 14.Qxd4 Nc6 15.Nf6+ Kg7 16.Qc3 Be5 17.Nh5+ Kh6 18.Qd2+ g5 19.g4 Bf4 20.Nxf4 gxf4 21.Qxf4+ Qg5 22.Qxg5+ Kxg5 23.f3 Be6 24.b3 Nb4 25.Be4 Nxa2+ 26.Kd2 Rfd8+ 27.Ke2 Nc3+ 28.Ke3 Nxd1+ 29.Ke2 Nc3+ 30.Ke3 Nxe4 31.fxe4 Rd1 32.Nf3+ Kxg4 33.Rxd1 a5 34.Ne5+ Kg5 35.Rg1+ Kf6 36.Nf3 Rc8 37.c4 Rc7 38.Rf1 h5 39.e5+ Ke7 40.Nd4 h4 41.Rf6 Rc8 42.Rh6 h3 43.Rh7 b6 44.Nxe6 Kxe6 45.Ke4 Rc5 46.Rh6+ Ke7 47.Rh7 Ke6 48.Rh5 Ke7 49.Rh7 Ke6 50.Rh5 f6 51.Rh6 Rxe5+ 52.Kf4 Rf5+ 53.Kg4 Ke5 54.Kxh3 Rf3+ 55.Kh4 Rxb3 56.Rh5+ f5 57.Kg5 a4 58.Kg6 a3 59.Rxf5+ Kd4 60.Rf4+ Kc5 61.h4 a2 62.Rf1 Rb1 63.Rf5+ Kxc4 64.h5 a1=Q 65.h6 Qh8 66.h7 Rh1 67.Rh5 Rxh5 68.Kxh5 Qxh7+ {White resigned} 0-1

[Event "www.ChessWorld.net server game"]
[Site "www.ChessWorld.net "]
[Date "2007.8.3"]
[Round "NA"]
[White "kireng"]
[Black "joselito"]
[Result "0-1"]
[Termination "White resigned"]
[WhiteElo "1314"]
[BlackElo "1396"]
[Mode "ICS"]
[DateLastMove "2007.8.17"]
[Board "3971629"]

1.Nf3 d6 2.Nc3 Nc6 3.e4 Nf6 4.h4 e5 5.d3 Be7 6.a4 O-O 7.b3 d5 8.exd5 Nxd5 9.Nxd5 Qxd5 10.c4 Qd8 11.Bg5 Bg4 12.Bxe7 Qxe7 13.g3 Qb4+ 14.Qd2 Bxf3 15.Qxb4 Nxb4 16.Rg1 Nc2+ 17.Kd2 Nxa1 18.Be2 Nxb3+ 19.Kc2 Nd4+ 20.Kd2 Bxe2 21.a5 Bh5 22.f4 Nf3+ 23.Ke3 Nxg1 {White resigned} 0-1

[Event "www.ChessWorld.net server game"]
[Site "www.ChessWorld.net "]
[Date "2007.8.3"]
[Round "NA"]
[White "COACH AL"]
[Black "joselito"]
[Result "0-1"]
[Termination "White resigned"]
[WhiteElo "1164"]
[BlackElo "1363"]
[Mode "ICS"]
[DateLastMove "2007.9.11"]
[Board "3971657"]

1.e4 e5 2.Qh5 Qe7 3.Bc4 Nf6 4.Qe2 c5 5.d3 g6 6.Bg5 Bg7 7.Nf3 d6 8.Bxf6 Qxf6 9.Nc3 O-O 10.O-O Be6 11.Bxe6 fxe6 12.a4 d5 13.exd5 Na6 14.d6 b6 15.Nxe5 Qxe5 16.Qxe5 Bxe5 17.Ne4 Bxb2 18.Ra2 Be5 19.c4 Nb4 20.Re2 Nxd3 21.g3 Rad8 22.Rd2 Nb4 23.f4 Bg7 24.Nc3 Bxc3 25.Rd3 Nxd3 {White resigned} 0-1

[Event "www.ChessWorld.net server game"]
[Site "www.ChessWorld.net "]
[Date "2007.8.3"]
[Round "NA"]
[White "more_cowbell"]
[Black "joselito"]
[Result "0-1"]
[Termination "Black claimed a win on time"]
[WhiteElo "1164"]
[BlackElo "1363"]
[Mode "ICS"]
[DateLastMove "2007.10.1"]
[Board "3971741"]

1.d4 Nf6 2.c4 e6 3.Nc3 Bb4 4.Bg5 O-O 5.Nf3 d5 6.e3 dxc4 7.Bxc4 h6 8.Bf4 Nc6 9.Qd3 a6 10.O-O Bd6 11.Bxd6 Qxd6 12.e4 Ng4 13.g3 Nb4 {Black claimed a win on time} 0-1

[Event "www.ChessWorld.net server game"]
[Site "www.ChessWorld.net "]
[Date "2007.8.4"]
[Round "NA"]
[White "Lenchilada"]
[Black "joselito"]
[Result "0-1"]
[Termination "White resigned"]
[WhiteElo "994"]
[BlackElo "1372"]
[Mode "ICS"]
[DateLastMove "2007.9.13"]
[Board "3974026"]

1.Nf3 c5 2.g3 Nc6 3.b3 e5 4.Nxe5 Nxe5 5.c4 d5 6.d3 Nf6 7.a4 dxc4 8.e4 cxd3 9.Nd2 Bd6 10.Bxd3 Nxd3+ 11.Ke2 Nxc1+ 12.Qxc1 O-O 13.Rd1 Be6 14.Kf1 Ng4 15.Nf3 Bxb3 16.Rd5 Bxd5 17.h3 Bxe4 18.Qe1 Bxf3 19.Qe4 Bxe4 20.hxg4 c4 21.Rc1 Rc8 {White resigned} 0-1

[Event "www.ChessWorld.net server game"]
[Site "www.ChessWorld.net "]
[Date "2007.8.4"]
[Round "NA"]
[White "kireng"]
[Black "joselito"]
[Result "0-1"]
[Termination "White resigned"]
[WhiteElo "994"]
[BlackElo "1372"]
[Mode "ICS"]
[DateLastMove "2007.8.20"]
[Board "3974040"]

1.e4 e5 2.Nf3 Nc6 3.Nc3 Nf6 4.d3 Bb4 5.a3 Bxc3+ 6.bxc3 O-O 7.c4 Nd4 8.Nxe5 d6 9.Nxf7 Kxf7 10.Be3 Nc6 11.g3 Bg4 12.Be2 Bxe2 13.Qxe2 Kg8 14.Rb1 b6 15.h4 Ne5 16.f4 Qe8 17.fxe5 dxe5 18.h5 h6 19.g4 Qa4 20.Rb4 Qxa3 21.Rb3 Qa1+ 22.Qd1 Qa2 23.Rf1 Nxg4 24.Qxg4 Qxc2 25.Qe6+ Kh8 26.Rxf8+ Rxf8 27.Qe7 Rg8 28.Qxc7 Qxb3 29.Qxa7 Qxd3 30.Qxb6 Qxc4 31.Qe6 Qxe6 {White resigned} 0-1

[Event "www.ChessWorld.net server game"]
[Site "www.ChessWorld.net "]
[Date "2007.8.4"]
[Round "NA"]
[White "stormynorm"]
[Black "joselito"]
[Result "0-1"]
[Termination "White resigned"]
[WhiteElo "1625"]
[BlackElo "1579"]
[Mode "ICS"]
[DateLastMove "2007.11.19"]
[Board "3974054"]

1.b3 e5 2.Bb2 Nc6 3.e3 Nf6 4.Bb5 Bb4 5.Bxc6 dxc6 6.Bxe5 O-O 7.Qe2 c5 8.Nc3 Bxc3 9.dxc3 b6 10.Nf3 h6 11.Nd2 Bg4 12.f3 Bf5 13.O-O-O Qe7 14.f4 c4 15.Nxc4 b5 16.Na3 Qxa3+ 17.Kb1 Bg4 18.Qxb5 Bxd1 19.Rxd1 Rad8 20.Rg1 Nd5 21.Bd4 a6 22.Qc6 Qe7 23.Bc5 Nxc3+ 24.Ka1 Qf6 25.Qxf6 gxf6 26.Bxf8 Kxf8 27.Kb2 Ne2 28.Re1 Rd2 29.a4 {White resigned} 0-1

[Event "www.ChessWorld.net server game"]
[Site "www.ChessWorld.net "]
[Date "2007.8.4"]
[Round "NA"]
[White "Botters"]
[Black "joselito"]
[Result "0-1"]
[Termination "White king mated"]
[WhiteElo "1432"]
[BlackElo "1418"]
[Mode "ICS"]
[DateLastMove "2007.9.3"]
[Board "3974082"]

1.e4 e5 2.Nf3 Bc5 3.Nc3 Nc6 4.Bc4 Qf6 5.O-O Qg6 6.d3 Nf6 7.h3 d6 8.a3 O-O 9.b4 Bxh3 10.Ne1 Nd4 11.Be3 Bb6 12.a4 Ne6 13.Bxe6 fxe6 14.Qf3 Bxe3 15.Qxe3 d5 16.exd5 Nxd5 17.Nxd5 exd5 18.Qxh3 e4 19.dxe4 dxe4 20.f3 Qb6+ 21.Kh1 e3 22.c3 e2 23.Rg1 Qf6 24.Ra2 Qxc3 25.Rxe2 Qxb4 26.Rc2 c6 27.Qe6+ Kh8 28.Qa2 Qh4+ {White king mated} 0-1

[Event "www.ChessWorld.net server game"]
[Site "www.ChessWorld.net "]
[Date "2007.8.4"]
[Round "NA"]
[White "sronicker"]
[Black "joselito"]
[Result "0-1"]
[Termination "White resigned"]
[WhiteElo "1375"]
[BlackElo "1358"]
[Mode "ICS"]
[DateLastMove "2007.8.23"]
[Board "3974096"]

1.e4 e5 2.Qh5 Qe7 3.Nc3 Nf6 4.Qe2 Qe6 5.Nf3 Bb4 6.d3 h6 7.Bd2 O-O 8.a3 Bxc3 9.Bxc3 d5 10.exd5 Qxd5 11.O-O-O Qa2 12.Nxe5 Nc6 13.d4 Be6 14.Qb5 Ne4 15.b3 Nxc3 16.Qd3 Nxd1 17.Qxd1 Qxa3+ 18.Kb1 Nb4 {White resigned} 0-1

[Event "www.ChessWorld.net server game"]
[Site "www.ChessWorld.net "]
[Date "2007.8.4"]
[Round "NA"]
[White "hornetsman"]
[Black "joselito"]
[Result "0-1"]
[Termination "White king mated"]
[WhiteElo "1259"]
[BlackElo "1378"]
[Mode "ICS"]
[DateLastMove "2007.8.31"]
[Board "3974110"]

1.e4 e5 2.f3 Bc5 3.d3 Nf6 4.Nh3 d5 5.Qd2 O-O 6.g4 Nc6 7.g5 Nh5 8.exd5 Qxd5 9.Bg2 Bxh3 10.Bxh3 Qxf3 11.Qg2 Qxg2 12.Bxg2 Nb4 13.Kd1 f6 14.Bxb7 Rad8 15.gxf6 Rxf6 16.a3 Nd5 17.b4 Bd4 18.Bxd5+ Rxd5 19.c3 Bb6 20.Kc2 a5 21.c4 Rd8 22.c5 Rf2+ 23.Nd2 Ba7 24.h4 c6 25.Kc3 Rdf8 26.Bb2 Ng3 27.Rhg1 Ne2+ 28.Kb3 Nxg1 29.Rxg1 Rxd2 30.Kc3 axb4+ 31.Kxd2 Bxc5 32.a4 Bxg1 33.Bxe5 Bf2 34.a5 Ra8 35.Bc7 Bxh4 36.d4 Kf7 37.Kd3 Re8 38.Kc4 Bd8 39.Bxd8 Rxd8 40.a6 h5 41.Kxb4 h4 42.Kc5 h3 43.a7 h2 44.Kxc6 h1=Q+ 45.Kc7 Qa8 46.d5 Qxd5 47.Kb6 Ra8 48.Ka6 Qc6+ 49.Ka5 Rxa7+ 50.Kb4 Rb7+ 51.Ka5 Qb5+ {White king mated} 0-1

[Event "www.ChessWorld.net server game"]
[Site "www.ChessWorld.net "]
[Date "2007.8.4"]
[Round "NA"]
[White "azita"]
[Black "joselito"]
[Result "0-1"]
[Termination "White resigned"]
[WhiteElo "1317"]
[BlackElo "1365"]
[Mode "ICS"]
[DateLastMove "2007.9.13"]
[Board "3974124"]

1.b3 e5 2.Bb2 Nc6 3.d4 exd4 4.Bxd4 Nf6 5.c3 Nxd4 6.Qxd4 d5 7.e3 Bd6 8.Nf3 O-O 9.Bd3 Qe7 10.Nbd2 c5 11.Qh4 h6 12.O-O Ne4 13.Nxe4 dxe4 14.Bxe4 Qxh4 15.Nxh4 Be5 16.Nf5 Bxf5 17.Bxf5 Bxc3 18.Rac1 g6 19.Be4 Bb4 20.f4 Rab8 21.Bd5 Kg7 22.f5 b6 23.e4 a5 24.f6+ Kh7 25.e5 Rbd8 26.Rcd1 Bc3 27.Bc4 Bxe5 28.Rxd8 Rxd8 29.Bxf7 Rd6 30.Bg8+ Kxg8 31.f7+ Kf8 32.g4 Rd7 33.Re1 Bd4+ 34.Kg2 Rxf7 35.Re6 b5 36.Rxg6 c4 37.bxc4 bxc4 38.Rd6 Rf2+ 39.Kg3 Be5+ 40.Kxf2 Bxd6 41.Ke2 Bxh2 42.Kd2 Kf7 43.Kc3 Kf6 44.Kxc4 Kg5 45.Kb5 Bc7 46.Kc6 Bg3 47.a4 Kxg4 48.Kb5 Be1 49.Kc4 h5 50.Kd3 Kg3 51.Ke2 Kg2 52.Kxe1 h4 53.Kd2 h3 54.Kc3 h2 55.Kc4 h1=Q 56.Kb5 Qh5+ 57.Ka6 Kf3 58.Kb6 Ke4 59.Ka6 Kd4 60.Kb6 Kc4 61.Ka6 Kb4 62.Kb6 Kxa4 63.Ka6 Kb4 64.Kb6 Qh6+ 65.Ka7 Kb5 66.Kb7 a4 {White resigned} 0-1

[Event "www.ChessWorld.net server game"]
[Site "www.ChessWorld.net "]
[Date "2007.8.4"]
[Round "NA"]
[White "bonka-zed"]
[Black "joselito"]
[Result "0-1"]
[Termination "Black claimed a win on time"]
[WhiteElo "1317"]
[BlackElo "1365"]
[Mode "ICS"]
[DateLastMove "2007.9.11"]
[Board "3974166"]

1.e4 e5 2.Nf3 d6 3.d4 Qe7 4.d5 Nf6 5.Bg5 c6 6.c4 cxd5 7.exd5 Bg4 8.h3 Bxf3 9.Qxf3 Nbd7 10.Nd2 Nb6 {Black claimed a win on time} 0-1

[Event "www.ChessWorld.net server game"]
[Site "www.ChessWorld.net "]
[Date "2007.8.4"]
[Round "NA"]
[White "charvey45"]
[Black "joselito"]
[Result "0-1"]
[Termination "Black claimed a win on time"]
[WhiteElo "1317"]
[BlackElo "1365"]
[Mode "ICS"]
[DateLastMove "2008.1.3"]
[Board "3974180"]

1.e4 e5 2.Nf3 d5 3.Nc3 dxe4 4.Nxe4 Nf6 5.d3 h6 6.c3 Nxe4 7.Nxe5 Nf6 8.d4 Bd6 9.Bb5+ c6 10.Ba4 O-O 11.Bf4 Nbd7 12.O-O Bxe5 13.dxe5 Nc5 14.exf6 Nxa4 15.Qxa4 Qxf6 16.Rae1 Be6 {Black claimed a win on time} 0-1

[Event "www.ChessWorld.net server game"]
[Site "www.ChessWorld.net "]
[Date "2007.8.9"]
[Round "NA"]
[White "joe pineapples"]
[Black "joselito"]
[Result "0-1"]
[Termination "Black claimed a win on time"]
[WhiteElo "1317"]
[BlackElo "1365"]
[Mode "ICS"]
[DateLastMove "2007.10.17"]
[Board "3990244"]

1.d4 d5 2.Nf3 Nc6 3.e3 Nf6 4.Bb5 Bd7 5.a4 e6 6.c3 Bd6 7.Nbd2 O-O 8.O-O a6 9.Bxc6 Bxc6 10.Re1 Ne4 11.Nxe4 dxe4 12.Ne5 Bxe5 13.dxe5 b5 14.axb5 Bxb5 15.b3 Qg5 16.Qd4 h5 17.c4 Bc6 18.Qc5 Bb7 {Black claimed a win on time} 0-1

[Event "www.ChessWorld.net server game"]
[Site "www.ChessWorld.net "]
[Date "2007.8.9"]
[Round "NA"]
[White "mcordewener"]
[Black "joselito"]
[Result "0-1"]
[Termination "Black claimed a win on time"]
[WhiteElo "1317"]
[BlackElo "1365"]
[Mode "ICS"]
[DateLastMove "2007.12.15"]
[Board "3990273"]

1.e3 e5 2.Qh5 Qe7 3.b3 Nf6 4.Qf3 d5 5.Ba3 c5 6.Bb5+ Bd7 7.Bxd7+ Nbxd7 8.Nc3 Qe6 9.Nh3 h6 10.Na4 e4 11.Qe2 O-O-O 12.Nf4 Qd6 13.Bxc5 Nxc5 14.Nxc5 Qxc5 15.c3 Qa3 16.O-O Bd6 17.Nxd5 Nxd5 18.Qg4+ Kc7 19.Qxe4 Nf6 20.Qc4+ Kb8 21.d4 Qa5 22.f3 Qh5 23.g3 Qh3 24.Qxf7 Nh5 25.Qg6 Nxg3 26.hxg3 Bxg3 {Black claimed a win on time} 0-1

[Event "www.ChessWorld.net server game"]
[Site "www.ChessWorld.net "]
[Date "2007.8.14"]
[Round "NA"]
[White "aljanter"]
[Black "joselito"]
[Result "0-1"]
[Termination "White king mated"]
[WhiteElo "1296"]
[BlackElo "1411"]
[Mode "ICS"]
[DateLastMove "2007.9.4"]
[Board "4004509"]

1.e4 c5 2.e5 Nc6 3.c3 Nxe5 4.Be2 e6 5.Nf3 Nxf3+ 6.Bxf3 Nf6 7.d3 d5 8.Be3 Bd6 9.Bg5 O-O 10.O-O b5 11.Bxf6 Qxf6 12.Nd2 Rb8 13.h3 Qe5 14.g3 Qf5 15.Bg4 Qxd3 16.Qe2 Qc2 17.Rac1 Qxb2 18.h4 Qxa2 19.Rfe1 Bb7 20.Nf3 Qxe2 21.Rxe2 d4 22.Nd2 dxc3 23.Ne4 Bxe4 24.Rxe4 b4 25.Bd1 a5 26.Ba4 g6 27.Rd1 Be7 28.Rc4 f5 29.f4 h6 30.Bb3 h5 31.Rd7 Rfe8 32.Ba4 Bf6 33.Rc7 e5 34.Bxe8 Rxe8 35.R4xc5 e4 36.Rxa5 e3 37.Kf1 e2+ 38.Ke1 b3 39.Rb5 b2 40.Rb6 Rf8 41.Kxe2 Bd4 42.Rxg6+ Kh8 43.Rgg7 b1=Q 44.Rh7+ Kg8 45.Rhd7 c2 46.Rxd4 c1=Q 47.Rdc4 Qe1+ 48.Kf3 Qd3+ 49.Kg2 Qdxg3+ {White king mated} 0-1

[Event "www.ChessWorld.net server game"]
[Site "www.ChessWorld.net "]
[Date "2007.8.21"]
[Round "NA"]
[White "zamsky"]
[Black "joselito"]
[Result "0-1"]
[Termination "White resigned"]
[WhiteElo "1345"]
[BlackElo "1476"]
[Mode "ICS"]
[DateLastMove "2007.10.30"]
[Board "4027932"]

1.e4 e5 2.d3 Bc5 3.Nh3 d6 4.g4 Nc6 5.f3 Be6 6.Qe2 h6 7.Be3 Bxe3 8.Qxe3 Qd7 9.a4 O-O-O 10.a5 b6 11.axb6 cxb6 12.Qd2 g6 13.Nf2 Nge7 14.b4 Nd4 15.Bg2 f5 16.gxf5 gxf5 17.c4 Nb3 18.Qb2 Nxa1 19.Qxa1 fxe4 20.Nxe4 Rhf8 21.O-O d5 22.cxd5 Bh3 23.d6 Nc6 24.b5 Qg7 25.Ng3 Bxg2 26.Kxg2 Nd4 27.Qxa7 Qxa7 28.Nc3 Qa3 29.Nd5 Qxd6 30.Nc3 Qa3 31.Rc1 Qxc1 32.Nce4 Rxf3 33.Kh3 Rxd3 34.Nf2 Rb3 35.Kh4 Qg1 36.Ng4 Nf3+ 37.Kh5 Rd6 38.Nxh6 Qxh2+ {White resigned} 0-1

[Event "www.ChessWorld.net server game"]
[Site "www.ChessWorld.net "]
[Date "2007.8.27"]
[Round "NA"]
[White "stefanW"]
[Black "joselito"]
[Result "0-1"]
[Termination "White resigned"]
[WhiteElo "1543"]
[BlackElo "1371"]
[Mode "ICS"]
[DateLastMove "2007.9.24"]
[Board "4046864"]

1.Nc3 e5 2.e4 Nf6 3.h3 Bc5 4.a3 O-O 5.Be2 c6 6.Nf3 d5 7.Ng5 dxe4 8.Ngxe4 Nxe4 9.Nxe4 Qe7 10.d3 Bf5 11.Bg5 f6 12.Be3 Bxe3 13.fxe3 Bxe4 14.dxe4 Nd7 15.Qd2 Nc5 16.O-O Nxe4 17.Qe1 Qc5 18.c3 Qxe3+ 19.Kh1 Ng3+ 20.Qxg3 Qxg3 21.Bc4+ Kh8 22.Rf3 Qh4 23.Rd1 Qxc4 24.Rfd3 e4 25.Rd4 Qe2 26.R4d2 Qb5 27.Re1 Rfe8 28.Rde2 Qxe2 29.Rg1 Qf2 30.Ra1 Qg3 31.Rd1 Rad8 32.Rg1 e3 33.Rc1 e2 {White resigned} 0-1

[Event "www.ChessWorld.net server game"]
[Site "www.ChessWorld.net "]
[Date "2007.8.27"]
[Round "NA"]
[White "briansky"]
[Black "joselito"]
[Result "0-1"]
[Termination "White king mated"]
[WhiteElo "1083"]
[BlackElo "1367"]
[Mode "ICS"]
[DateLastMove "2007.9.17"]
[Board "4046876"]

1.e4 e5 2.Nf3 d6 3.Nxe5 dxe5 4.Qh5 Qe7 5.d3 Nf6 6.Qe2 Qe6 7.h3 Bb4+ 8.c3 Bd6 9.g3 O-O 10.Bg2 Nbd7 11.O-O b6 12.Bg5 Bb7 13.Nd2 h6 14.Bxf6 Nxf6 15.f4 exf4 16.gxf4 Bc5+ 17.Kh1 Bd6 18.f5 Qe5 19.Nf3 Qf4 20.Qf2 Rae8 21.Nh4 Qh2+ {White king mated} 0-1

[Event "www.ChessWorld.net server game"]
[Site "www.ChessWorld.net "]
[Date "2007.8.27"]
[Round "NA"]
[White "lgustec"]
[Black "joselito"]
[Result "0-1"]
[Termination "White king mated"]
[WhiteElo "1472"]
[BlackElo "1401"]
[Mode "ICS"]
[DateLastMove "2007.10.2"]
[Board "4046894"]

1.d4 Nf6 2.Nc3 d6 3.f4 Bf5 4.d5 e6 5.dxe6 fxe6 6.Be3 d5 7.Nf3 Bb4 8.Nd4 Bg6 9.Nxe6 Qe7 10.Nd4 Qxe3 11.Nb5 Qxf4 12.a3 Bxc3+ 13.bxc3 Ne4 14.Qxd5 Na6 15.Qxb7 Qd2+ {White king mated} 0-1

[Event "www.ChessWorld.net server game"]
[Site "www.ChessWorld.net "]
[Date "2007.8.31"]
[Round "NA"]
[White "CaseyC43"]
[Black "joselito"]
[Result "0-1"]
[Termination "White resigned"]
[WhiteElo "1297"]
[BlackElo "1387"]
[Mode "ICS"]
[DateLastMove "2007.9.9"]
[Board "4060374"]

1.e4 e5 2.Nf3 Nc6 3.Bd3 Nf6 4.b3 Bb4 5.c3 Bd6 6.a4 O-O 7.Qe2 b6 8.Qe3 h6 9.h4 Na5 10.Ba3 Nxb3 11.Ra2 Bc5 12.Qe2 d6 13.Qd1 Ng4 14.Bxc5 Nxc5 15.Bc4 Nxe4 16.d3 Nexf2 17.Qe2 Nxh1 18.Nfd2 Qxh4+ 19.Kd1 Ng3 20.Qe1 Bf5 21.Ne4 Bxe4 22.dxe4 Qh2 23.Nd2 Qxg2 24.Nf1 Qf3+ 25.Be2 Ne3+ 26.Nxe3 Qxe3 27.Qd2 Qxe2+ 28.Kc1 Qxe4 29.Rc2 Qxa4 30.Qd3 Qf4+ 31.Kb2 e4 32.Qd1 e3 33.Qe1 Rae8 34.Rg2 Nf5 35.Kb3 Re4 36.Qe2 d5 37.Qh5 e2 38.Rxe2 Rxe2 39.Qxe2 d4 {White resigned} 0-1

[Event "www.ChessWorld.net server game"]
[Site "www.ChessWorld.net "]
[Date "2007.9.5"]
[Round "NA"]
[White "Roderick64"]
[Black "joselito"]
[Result "0-1"]
[Termination "White king mated"]
[WhiteElo "1537"]
[BlackElo "1536"]
[Mode "ICS"]
[DateLastMove "2007.11.13"]
[Board "4076093"]

1.e4 e5 2.d4 d6 3.d5 Nf6 4.Bd3 Be7 5.h3 Nbd7 6.Bb5 O-O 7.Nc3 a6 8.Bxd7 Bxd7 9.Nf3 h6 10.O-O c6 11.dxc6 Bxc6 12.Re1 b5 13.a3 Bb7 14.b4 Rc8 15.Nd5 Bxd5 16.exd5 Qb6 17.Be3 Qc7 18.Re2 e4 19.Nd4 Nxd5 20.Bd2 Nf6 21.Bf4 Qd7 22.Qd2 d5 23.Rc1 Nh5 24.Be3 Qd6 25.Nf5 Qe5 26.g4 Nf6 27.Bd4 Qc7 28.Qe3 Bd6 29.Nxd6 Qxd6 30.Bc5 d4 31.Qb3 Qf4 32.Bxf8 Qxc1+ 33.Kg2 Kxf8 34.f3 exf3+ 35.Qxf3 Re8 36.Rxe8+ Nxe8 37.Qd3 g6 38.Qxd4 Qxc2+ 39.Kg3 Qb3+ 40.Kh4 Qf3 41.Qh8+ Ke7 42.Qxh6 Qf2+ 43.Kg5 Qf6+ {White king mated} 0-1

[Event "www.ChessWorld.net server game"]
[Site "www.ChessWorld.net "]
[Date "2007.9.5"]
[Round "NA"]
[White "DerVogel"]
[Black "joselito"]
[Result "0-1"]
[Termination "White king mated"]
[WhiteElo "1394"]
[BlackElo "1376"]
[Mode "ICS"]
[DateLastMove "2007.10.5"]
[Board "4076122"]

1.e4 e5 2.Qf3 Bc5 3.Bc4 Nf6 4.d3 d6 5.Ne2 Bg4 6.Qg3 c6 7.h3 Bxe2 8.Kxe2 Na6 9.Bg5 Nb4 10.c3 Nc2 11.Nd2 Nxa1 12.Rxa1 O-O 13.b4 Bb6 14.a4 a5 15.b5 h6 16.Bxf6 Qxf6 17.Qf3 Qxf3+ 18.Kxf3 cxb5 19.axb5 a4 20.Nb1 Ra7 21.g4 Bc5 22.h4 a3 23.Ra2 g6 24.g5 hxg5 25.hxg5 Kg7 26.Kg4 f6 27.f4 f5+ 28.exf5 gxf5+ 29.Kh4 exf4 30.Nd2 Rh8+ {White king mated} 0-1

[Event "www.ChessWorld.net server game"]
[Site "www.ChessWorld.net "]
[Date "2007.9.5"]
[Round "NA"]
[White "thepirate"]
[Black "joselito"]
[Result "0-1"]
[Termination "White king mated"]
[WhiteElo "1635"]
[BlackElo "1508"]
[Mode "ICS"]
[DateLastMove "2007.11.12"]
[Board "4076407"]

1.e4 e5 2.Nf3 Nc6 3.Bb5 Bc5 4.O-O Nf6 5.Nc3 O-O 6.Bxc6 dxc6 7.h3 h6 8.Nxe5 Be6 9.d3 Qd6 10.Nc4 Bxc4 11.dxc4 Qe5 12.Qf3 Bd6 13.Bf4 Qxf4 14.Qxf4 Bxf4 15.g3 Be5 16.Na4 b5 17.cxb5 Nxe4 18.Rfe1 cxb5 19.Rxe4 bxa4 20.Rxe5 Rfe8 21.Rc5 Re2 22.Rxc7 a5 23.Rc4 a3 24.b3 Kh7 25.Rd1 f6 26.Kf1 Rae8 27.Ra4 Rxc2 28.Rxa3 Ree2 29.Rxa5 Rxf2+ 30.Kg1 Rg2+ 31.Kf1 Rh2 32.b4 Rh1+ {White king mated} 0-1

[Event "www.ChessWorld.net server game"]
[Site "www.ChessWorld.net "]
[Date "2007.9.10"]
[Round "NA"]
[White "maestrowannabe"]
[Black "joselito"]
[Result "0-1"]
[Termination "Black claimed a win on time"]
[WhiteElo "1635"]
[BlackElo "1508"]
[Mode "ICS"]
[DateLastMove "2007.10.22"]
[Board "4092458"]

1.d4 d5 2.c4 e6 3.a3 c6 4.Nf3 Bd6 5.c5 Bc7 6.Nc3 Nf6 7.e3 O-O 8.Bd3 b6 9.Ng5 bxc5 10.Qc2 h6 11.Bh7+ Kh8 12.O-O Qd6 13.g3 hxg5 14.dxc5 Qxc5 15.b4 Qd6 16.Bb2 Nxh7 17.e4 Bb7 18.Rad1 e5 19.exd5 Qh6 20.Ne4 Nf6 21.Nxf6 gxf6 {Black claimed a win on time} 0-1

[Event "www.ChessWorld.net server game"]
[Site "www.ChessWorld.net "]
[Date "2007.10.18"]
[Round "NA"]
[White "WIZARD !"]
[Black "joselito"]
[Result "0-1"]
[Termination "White king mated"]
[WhiteElo "1310"]
[BlackElo "1486"]
[Mode "ICS"]
[DateLastMove "2007.11.1"]
[Board "4219345"]

1.e4 g6 2.d4 Bg7 3.e5 b6 4.c4 Bb7 5.d5 h6 6.f4 e6 7.d6 cxd6 8.Qxd6 Ne7 9.g4 Nc8 10.Qd3 Bxh1 11.b4 Qh4+ 12.Qg3 Qxg3+ 13.hxg3 O-O 14.g5 hxg5 15.fxg5 Bxe5 16.Ne2 Bxa1 17.c5 bxc5 18.bxc5 Nc6 19.Bd2 N8e7 20.Nf4 Rab8 21.Na3 Rb2 22.Bc4 Nd4 23.Be2 Nxe2 24.Kxe2 Rc8 25.Nd3 Rxa2 26.Nb5 Rc6 27.Nd6 Bc3 28.Nc1 Rxd2+ 29.Ke3 Rxc5 30.Nd3 Rd5 31.Nf4 Rxd6 32.Ne2 Nf5+ 33.Kf2 f6 34.g4 Nd4 35.Kg1 Nxe2+ 36.Kxh1 Nf4 37.Kg1 Ra2 38.Kf1 Rd1+ {White king mated} 0-1

[Event "www.ChessWorld.net server game"]
[Site "www.ChessWorld.net "]
[Date "2007.11.4"]
[Round "NA"]
[White "bajan yorkie"]
[Black "joselito"]
[Result "0-1"]
[Termination "White king mated"]
[WhiteElo "1428"]
[BlackElo "1554"]
[Mode "ICS"]
[DateLastMove "2007.11.17"]
[Board "4277661"]

1.e4 g6 2.d4 Bg7 3.c3 d6 4.Nf3 e6 5.Na3 Ne7 6.b4 h6 7.Be2 Nd7 8.Bb5 a6 9.Ba4 b6 10.c4 Bb7 11.Qd3 O-O 12.O-O Nf6 13.e5 Be4 14.Qe3 Nf5 15.Qe1 Bd3 16.exf6 Bxf6 17.Bb2 Bxf1 18.Qxf1 e5 19.dxe5 dxe5 20.Nxe5 Bxe5 21.Bxe5 Qg5 22.f4 Qh5 23.Bxc7 Ne3 24.Qf3 Ng4 25.h3 Nf6 26.f5 Qxf5 27.Qxf5 gxf5 28.Bc6 Rac8 29.Bd6 Rfd8 30.Be7 Rd2 31.b5 axb5 32.Bxb5 Ne4 33.Ba6 Ra8 34.Bb7 Ra7 35.Bxe4 Rxe7 36.Bxf5 Ree2 37.Bg4 Rxg2+ 38.Kf1 Rh2 39.Nb5 Rh1+ {White king mated} 0-1

[Event "www.ChessWorld.net server game"]
[Site "www.ChessWorld.net "]
[Date "2007.11.4"]
[Round "NA"]
[White "luddly"]
[Black "joselito"]
[Result "0-1"]
[Termination "White resigned"]
[WhiteElo "1294"]
[BlackElo "1574"]
[Mode "ICS"]
[DateLastMove "2007.11.19"]
[Board "4277665"]

1.d4 g6 2.e4 Bg7 3.e5 e6 4.Bf4 d6 5.exd6 cxd6 6.Nf3 b6 7.Bb5+ Bd7 8.Qd3 Bxb5 9.Qxb5+ Qd7 10.Nc3 Nf6 11.Qxd7+ Nbxd7 12.Bxd6 h6 13.Nb5 Rc8 14.Nc7+ Kd8 15.Ne5 Nxe5 16.dxe5 Ne8 17.Nxe8 Kxe8 18.O-O-O f6 19.Rhe1 fxe5 20.Bxe5 Bxe5 21.Rxe5 Rc6 22.b4 Ke7 23.b5 Rd6 24.Rde1 Rf8 25.f3 Ra8 26.c3 a6 27.c4 axb5 28.c5 bxc5 29.Rxc5 Rxa2 30.Rc7+ Kf6 31.g4 Ra1+ 32.Kc2 Rxe1 33.h4 Rdd1 34.Rh7 b4 35.Rxh6 b3+ 36.Kb2 Rd8 37.h5 Re3 38.Rxg6+ Ke5 39.Rg5+ Kf4 40.Rb5 Rd2+ 41.Kc1 Rh2 42.Rb4+ Kg3 43.Kd1 b2 44.f4 Ra3 {White resigned} 0-1

[Event "www.ChessWorld.net server game"]
[Site "www.ChessWorld.net "]
[Date "2007.11.20"]
[Round "NA"]
[White "Greg1982"]
[Black "joselito"]
[Result "0-1"]
[Termination "White resigned"]
[WhiteElo "1541"]
[BlackElo "1441"]
[Mode "ICS"]
[DateLastMove "2007.12.7"]
[Board "4324042"]

1.e4 c5 2.d4 cxd4 3.Qxd4 Nc6 4.Qc4 Nf6 5.Nc3 Ne5 6.Qd4 d6 7.Bf4 Nc6 8.Qa4 Bd7 9.a3 Nd4 10.Qxd4 e5 11.Bxe5 dxe5 12.Qxe5+ Qe7 13.Nf3 Qe6 14.Bd3 Bd6 15.Qxe6+ Bxe6 16.O-O O-O 17.e5 Nd5 18.Nb5 Be7 19.Nd6 h6 20.Nxb7 f6 21.Nc5 Bg4 22.Be4 Bxf3 23.Bxf3 Bxc5 24.Bxd5+ Kh7 25.Bxa8 Rxa8 26.b4 Bd4 27.Rae1 fxe5 28.b5 Bc3 29.Re3 Bd4 30.Rb3 Rc8 31.Rc1 Rd8 32.c3 Bc5 33.a4 Be7 34.b6 axb6 35.Rxb6 Bg5 36.Re1 Bd2 37.Rd1 e4 38.Rb2 Ra8 39.Rdxd2 Rxa4 40.Rb4 Ra1+ {White resigned} 0-1